Nationalité de personnages célèbres - Statistiques

Statistiques générales
  • Ce quiz a été pris 289 fois
  • Le résultat moyen est 11 sur 15
Statistiques - réponses
Hint Réponse % Correct
Georges Clémenceau Française
96%
Eminem Américaine
91%
Pelé Brésilienne
90%
Cléopâtre VII Égyptienne
86%
Roger Federer Suisse
86%
Mansa Moussa Malienne
84%
Aristote Grecque
82%
Soliman Ier Turque
81%
Ludwig Van Beethoven Allemande
74%
Lucrèce Borgia Italienne
73%
René Magritte Belge
72%
Vermeer Néerlandaise
71%
Alexandre III Russe
48%
Frederik X Danoise
41%
Carl Von Linné Suédoise
22%
Aucun quiz correspondant
Distribution des résultats
% des personnes avec chaque résultat
Percentile par nombre de réponses
Votre historique - résultats
Vous n’avez pas pris ce quiz